000 00448nam a2200181Ia 4500
008 230524s9999 xx 000 0 und d
020 _a8120321898
082 _a645.12
_bRAO
100 _aC.Laxman Rao
245 0 _aEngineering Mechanics Statics and Dynamics
250 _a19TH
260 _aNEW DELHI
_bPHI
_c2003
300 _aXYI;247
500 _aQuantity Number: 5
650 _aMechanics
700 _a J.Laxminarsinghm
942 _cBK
999 _c11980
_d11980